[Event "49. NSV Sen-EM 2015"]
[Site "Undeloh-Wesel"]
[Date "2015.07.24"]
[Round "6.3"]
[White "Grimm, Uwe"]
[Black "Krneta, Slavko"]
[Result "0-1"]
[WhiteElo "2062"]
[BlackElo "1826"]
[PlyCount "200"]
[EventDate "2015.??.??"]
[WhiteTeam " MTV Dannenberg"]
[BlackTeam "FG Wohlde"]

1. f4 e6 2. e4 d5 3. e5 c5 4. Nf3 Nc6 5. Bb5 Bd7 6. Bxc6 bxc6 7. d3 Rb8 8. Qe2
Nh6 9. Nbd2 Qb6 10. b3 Nf5 11. g4 Nd4 12. Nxd4 cxd4 13. Bb2 a5 14. a4 c5 15.
Qf2 g6 16. h3 h5 17. g5 Be7 18. O-O Bd8 19. Kh1 Qb7 20. Rfb1 Bb6 21. Nf3 Bc6
22. Kh2 Qc7 23. Qe1 Bb7 24. Qe2 Ke7 25. Ba3 Ke8 26. Rc1 Qc6 27. Rg1 Qd7 28. Rg2
Rc8 29. Rb1 Rc7 30. Bc1 Bc6 31. Bd2 Ra7 32. Ra1 Kd8 33. Rf1 Kc8 34. Rgf2 Kb8
35. Nh4 Qc8 36. Kg1 Bd7 37. Kh2 Ka8 38. Rb1 Qc6 39. Rff1 Rb8 40. Nf3 Qb7 41.
Bc1 Qc7 42. Ba3 Rc8 43. Rfc1 Qb7 44. Ra1 Bc6 45. Nd2 Qd7 46. Qe1 Bb7 47. Nf3
Bc6 48. Qd2 Qb7 49. Rf1 Qd7 50. Rac1 Qb7 51. Bb2 Qd7 52. Qe1 Qb7 53. Qe2 Qd7
54. Ra1 Qb7 55. Nd2 Qa6 56. Bc1 Bd7 57. Rf3 Rac7 58. Ba3 Qa7 59. Rf2 Re8 60.
Rff1 Rec8 61. Rac1 Be8 62. c3 dxc3 63. Rxc3 Kb8 64. Rfc1 Bd7 65. Nf3 Ka8 66.
R3c2 Rc6 67. Qd1 Qa6 68. Bb2 Bd8 69. Ba3 Bb6 70. Qe2 Ka7 71. Qd2 Ka8 72. Rc3
Ka7 73. Qc2 Ka8 74. Qd1 Kb7 75. R1c2 Qa7 76. Qc1 Be8 77. Kg3 Bd7 78. Nd2 Be8
79. Qd1 Qa6 80. Nf3 Qa7 81. Rd2 Qa6 82. Rcc2 Bd7 83. Bb2 Qa7 84. Re2 Qa6 85.
Ba3 Qa7 86. Nd2 Qa6 87. Nb1 R6c7 88. Red2 Be8 89. Nc3 Ba7 90. Ne2 Bb6 91. Rc3
Bd7 92. Rdc2 Qa7 93. Qc1 Kb8 94. d4 cxd4 95. Rxc7 Bxc7 96. Rxc7 Rxc7 97. Bd6 d3
98. Nd4 Qb6 99. Qc3 Qxd6 100. Qxa5 Qc5 0-1

[Event "49. NSV Sen-EM 2015"]
[Site "Undeloh-Wesel"]
[Date "2015.07.24"]
[Round "6.4"]
[White "Schneider, Alexander"]
[Black "Dr. Dornieden, Manfred"]
[Result "1-0"]
[WhiteElo "1981"]
[BlackElo "2073"]
[PlyCount "89"]
[EventDate "2015.??.??"]
[WhiteTeam "Wilhelmshavener SC"]
[BlackTeam "SK Union Oldenburg"]

1. d4 g6 2. g3 Bg7 3. Bg2 d6 4. Nf3 Nf6 5. c4 O-O 6. Nc3 c6 7. O-O Be6 8. b3
Qc8 9. Re1 d5 10. cxd5 Nxd5 11. Bb2 Na6 12. Rc1 Bh6 13. e3 Nac7 14. Ne4 Bh3 15.
Bh1 Ne6 16. Ne5 Bg7 17. Nd3 h5 18. Nd2 Qd8 19. Nc4 Nf6 20. b4 Ng5 21. a4 Rb8
22. Qb3 Be6 23. Nf4 Nh3+ 24. Nxh3 Bxh3 25. b5 cxb5 26. axb5 Nd5 27. e4 Nb6 28.
d5 Nxc4 29. Bxg7 Kxg7 30. Rxc4 Qa5 31. Qc3+ Qxc3 32. Rxc3 Rfc8 33. Rec1 Rxc3
34. Rxc3 Rc8 35. Rxc8 Bxc8 36. Bg2 Kf8 37. f4 Ke8 38. Kf2 f6 39. Ke3 e5 40.
dxe6 Bxe6 41. Kd4 Bd7 42. e5 fxe5+ 43. fxe5 b6 44. Bc6 a5 45. e6 1-0

[Event "49. NSV Sen-EM 2015"]
[Site "Undeloh-Wesel"]
[Date "2015.07.24"]
[Round "6.5"]
[White "Hilburt, Leonid"]
[Black "Pundt, Wilfried"]
[Result "1-0"]
[WhiteElo "1950"]
[BlackElo "1771"]
[PlyCount "31"]
[EventDate "2015.??.??"]
[WhiteTeam " Hannover 96"]
[BlackTeam "SK Bremen-Nord"]

1. e4 g6 2. d4 Bg7 3. f4 d6 4. Nf3 Nd7 5. Bc4 e6 6. O-O b6 7. f5 Ndf6 8. Qe2
Ne7 9. e5 Nxf5 10. exf6 Bxf6 11. c3 Bb7 12. Bb5+ Kf8 13. g4 Nh4 14. Nxh4 Bxh4
15. Qxe6 Qe7 16. Bh6+ 1-0

[Event "49. NSV Sen-EM 2015"]
[Site "Undeloh-Wesel"]
[Date "2015.07.24"]
[Round "6.6"]
[White "Cordes, Lothar"]
[Black "Stummeyer, Dieter"]
[Result "1/2-1/2"]
[WhiteElo "1773"]
[BlackElo "1742"]
[PlyCount "35"]
[EventDate "2015.??.??"]
[WhiteTeam "SF Lilienthal"]
[BlackTeam "SG Garbsen/Marienwerder"]

1. d4 Nf6 2. Nf3 d5 3. c4 e6 4. Nc3 Be7 5. Bg5 O-O 6. e3 b6 7. cxd5 exd5 8. Qc2
Bb7 9. Bd3 Nbd7 10. Bxf6 Nxf6 11. Ne5 Rc8 12. Bf5 Ra8 13. g4 g6 14. g5 Ne8 15.
Bg4 f5 16. gxf6 Nxf6 17. Be6+ Kg7 18. Rg1 1/2-1/2

[Event "49. NSV Sen-EM 2015"]
[Site "Undeloh-Wesel"]
[Date "2015.07.24"]
[Round "6.7"]
[White "Newerla, Alfred"]
[Black "Gerhardt, Peter-Michael"]
[Result "1-0"]
[WhiteElo "1537"]
[BlackElo "1827"]
[PlyCount "61"]
[EventDate "2015.??.??"]
[WhiteTeam "SV Lingen"]
[BlackTeam "SC Vahr"]

1. Nf3 Nf6 2. g3 g6 3. c4 Bg7 4. Nc3 O-O 5. Bg2 c5 6. O-O Nc6 7. d3 d6 8. a3
Bd7 9. Qc2 Rb8 10. Rb1 a6 11. Re1 b5 12. b3 b4 13. axb4 Nxb4 14. Qd2 Ng4 15. h3
Ne5 16. Nxe5 Bxe5 17. Na2 Qc8 18. Kh2 h5 19. Nxb4 Rxb4 20. Ba3 Rb8 21. b4 h4
22. bxc5 hxg3+ 23. fxg3 Rxb1 24. Rxb1 dxc5 25. Qg5 Qc7 26. Rb7 Qd6 27. Be4 f5
28. Rxd7 Bxg3+ 29. Qxg3 Qxd7 30. Qxg6+ Kh8 31. Bb2+ 1-0

[Event "49. NSV Sen-EM 2015"]
[Site "Undeloh-Wesel"]
[Date "2015.07.24"]
[Round "6.8"]
[White "Weczerek, Dieter"]
[Black "Brummer, Bernfried"]
[Result "1-0"]
[WhiteElo "1678"]
[BlackElo "1704"]
[PlyCount "29"]
[EventDate "2015.??.??"]
[WhiteTeam "SC Wolfsburg"]
[BlackTeam "Fehntjer SK"]

1. e4 c6 2. d4 d5 3. exd5 cxd5 4. Nf3 Nf6 5. Nc3 Bg4 6. h3 Bxf3 7. Qxf3 e6 8.
Bf4 Bd6 9. Nb5 Bxf4 10. Qxf4 Na6 11. Nd6+ Ke7 12. Nxb7 Qb6 13. Bxa6 Qxa6 14.
Qc7+ Nd7 15. Qxd7+ 1-0

[Event "49. NSV Sen-EM 2015"]
[Site "Undeloh-Wesel"]
[Date "2015.07.24"]
[Round "6.9"]
[White "Gudat, Alfons"]
[Black "Buck, Klaus-Michael"]
[Result "1-0"]
[WhiteElo "1754"]
[BlackElo "1582"]
[PlyCount "45"]

1. Nf3 g6 2. e4 Bg7 3. Bc4 e6 4. O-O c6 5. d4 d5 6. exd5 cxd5 7. Bb3 Ne7 8. c4
O-O 9. Nc3 Nbc6 10. c5 b6 11. Bg5 h6 12. Bh4 bxc5 13. dxc5 Bxc3 14. bxc3 Qa5
15. c4 dxc4 16. Bxc4 Rd8 17. Qc1 Qxc5 18. Qxh6 Qh5 19. Qxh5 gxh5 20. Rfd1 Bb7
21. Rab1 Rxd1+ 22. Rxd1 Nf5 23. Bf6 {Rest unleserlich} 1-0

[Event "49. NSV Sen-EM 2015"]
[Site "Undeloh-Wesel"]
[Date "2015.07.24"]
[Round "6.10"]
[White "Merettig, Georg"]
[Black "Zotin, Vladimir"]
[Result "1-0"]
[WhiteElo "1707"]
[BlackElo "1719"]
[PlyCount "95"]

1. Nc3 d5 2. e4 d4 3. Nce2 e5 4. f4 Bg4 5. h3 Bxe2 6. Qxe2 Qh4+ 7. Kd1 Qxf4 8.
Nf3 Nd7 9. d3 Qf6 10. g4 g6 11. h4 Qd6 12. Bh3 O-O-O 13. Ng5 Qe7 14. Rf1 f6 15.
Nf3 Bg7 16. a4 Nc5 17. b4 Ne6 18. b5 Kb8 19. g5 h6 20. gxf6 Bxf6 21. Rg1 Nf4
22. Bxf4 exf4 23. Rxg6 Bxh4 24. Re6 Qg7 25. Nxh4 Nf6 26. Nf5 Qg5 27. Ne7 h5 28.
Qg2 Ng4 29. Qf3 Rde8 30. Ng6 Rxe6 31. Nxh8 Qg7 32. Ke2 Qxh8 33. Bxg4 hxg4 34.
Qxg4 Rf6 35. Rg1 b6 36. Qg8+ Rf8 37. Qxh8 Rxh8 38. Kf3 Rh2 39. Rg8+ Kb7 40. Rd8
c5 41. bxc6+ Kxc6 42. Rxd4 Rxc2 43. Rc4+ Rxc4 44. dxc4 Kd6 45. Kxf4 Ke6 46. e5
a6 47. Ke4 a5 48. Kd4 1-0

[Event "49. NSV Sen-EM 2015"]
[Site "Undeloh-Wesel"]
[Date "2015.07.24"]
[Round "6.11"]
[White "Kleinschmidt, Norbert"]
[Black "Niemann, Gerd"]
[Result "0-1"]
[WhiteElo "1694"]
[BlackElo "1756"]
[PlyCount "33"]

1. d4 d6 2. e4 c6 3. c3 Nf6 4. Bd3 e5 5. Ne2 Be6 6. Be3 Ng4 7. O-O Nxe3 8. fxe3
Qg5 9. Qd2 h5 10. Ng3 h4 11. Nh1 Rh6 12. Rf2 Nd7 13. Na3 Nf6 14. Raf1 g6 15.
Nc2 Qg4 16. Qe2 h3 17. g3 0-1

[Event "49. NSV Sen-EM 2015"]
[Site "Undeloh-Wesel"]
[Date "2015.07.24"]
[Round "6.12"]
[White "Wraga, Teresa"]
[Black "Gutknecht, Christa"]
[Result "1/2-1/2"]
[WhiteElo "1477"]
[BlackElo "1631"]
[PlyCount "23"]

1. e4 d6 2. Nc3 Nf6 3. g3 e5 4. Bg2 Nbd7 5. Nge2 Be7 6. O-O O-O 7. d4 c6 8. h3
Nb6 9. dxe5 dxe5 10. Qxd8 Rxd8 11. b3 Be6 12. Be3 1/2-1/2

[Event "49. NSV Sen-EM 2015"]
[Site "Undeloh-Wesel"]
[Date "2015.07.24"]
[Round "6.13"]
[White "Fehsenfeld, Kurt"]
[Black "Drechsel, Dieter"]
[Result "1/2-1/2"]
[WhiteElo "1545"]
[BlackElo "1488"]
[PlyCount "39"]

1. d4 d5 2. c4 e6 3. e3 Bb4+ 4. Bd2 Bxd2+ 5. Qxd2 Nf6 6. Nc3 c6 7. Nf3 O-O 8.
Bd3 Nbd7 9. Qc2 h6 10. O-O Re8 11. Rfe1 b6 12. cxd5 exd5 13. Rad1 Bb7 14. a3
Re7 15. h3 Rc8 16. Qb1 Qc7 17. Rc1 Qb8 18. e4 dxe4 19. Nxe4 Rce8 20. Nxf6+
1/2-1/2

[Event "49. NSV Sen-EM 2015"]
[Site "Undeloh-Wesel"]
[Date "2015.07.24"]
[Round "6.14"]
[White "Schencke, Guenther"]
[Black "Wraga, Hermann"]
[Result "1/2-1/2"]
[WhiteElo "1591"]
[BlackElo "1409"]
[PlyCount "111"]

1. d4 f5 2. Nc3 Nf6 3. Bg5 g6 4. Bxf6 exf6 5. e4 d6 6. Bd3 fxe4 7. Nxe4 Bg7 8.
c3 c6 9. Qb3 f5 10. Nd2 d5 11. O-O-O O-O 12. Ngf3 Nd7 13. Rhe1 b5 14. Qa3 Bf6
15. Qd6 Nb8 16. Qxd8 Rxd8 17. Ne5 a5 18. Kb1 Ra7 19. Nb3 a4 20. Nc5 Re7 21. f4
Rde8 22. Re2 Kf8 23. Rde1 Kg8 24. b3 a3 25. b4 Kf8 26. Nf3 Rxe2 27. Rxe2 Rxe2
28. Bxe2 h6 29. h4 Kg7 30. Kc2 Kf7 31. Kb3 Kg7 32. Kxa3 Kf7 33. Kb3 Kg7 34. a4
bxa4+ 35. Kxa4 Kf7 36. Kb3 Ke7 37. Ne5 g5 38. hxg5 hxg5 39. g3 Bd7 40. Kc2 Be8
41. Kd2 gxf4 42. gxf4 Bh4 43. Ke3 Be1 44. Na4 c5 45. Nxc5 Bxc3 46. b5 Bb2 47.
Ncd3 Ba3 48. Nc5 Bc1+ 49. Kf3 Bh5+ 50. Kf2 Be8 51. Ned3 Ba3 52. b6 Kd6 53. Ne5
Bxc5 54. dxc5+ Kxc5 55. Bd3 Kxb6 56. Bxf5 1/2-1/2

[Event "49. NSV Sen-EM 2015"]
[Site "Undeloh-Wesel"]
[Date "2015.07.25"]
[Round "7.1"]
[White "Piehl, Reinhard"]
[Black "Krneta, Slavko"]
[Result "1-0"]
[WhiteElo "1819"]
[BlackElo "1826"]
[PlyCount "79"]
[EventDate "2015.??.??"]
[WhiteTeam "SC Sottrum"]
[BlackTeam "FG Wohlde"]

1. c4 e6 2. g3 c6 3. Bg2 d5 4. Nf3 Nf6 5. O-O Be7 6. Qc2 O-O 7. d4 Nbd7 8. Nbd2
Re8 9. e4 dxe4 10. Nxe4 Nxe4 11. Qxe4 Nf6 12. Qc2 c5 13. Rd1 cxd4 14. Nxd4 Qb6
15. h3 e5 16. Nb3 Be6 17. Be3 Qc7 18. Nd2 Nd7 19. Ne4 f6 20. Rac1 b6 21. g4
Rac8 22. b3 Ba3 23. Rb1 Bf8 24. Nc3 Nb8 25. Nd5 Qf7 26. Be4 g6 27. Kh2 Kh8 28.
f4 Red8 29. Qb2 Bxd5 30. Bxd5 Qe7 31. fxe5 fxe5 32. Rf1 Bg7 33. Rf7 Qd6 34. Bf4
Nd7 35. Re1 Re8 36. Bg3 Re7 37. Ref1 Rce8 38. g5 b5 39. Qf2 Nb6 40. Rf8+ 1-0

[Event "49. NSV Sen-EM 2015"]
[Site "Undeloh-Wesel"]
[Date "2015.07.25"]
[Round "7.2"]
[White "Dr. Adibekian, Roubik"]
[Black "Kiselev, Alexander"]
[Result "1/2-1/2"]
[WhiteElo "2055"]
[BlackElo "1984"]
[PlyCount "74"]
[EventDate "2015.??.??"]
[WhiteTeam " Hannover 96"]
[BlackTeam " Hannover 96"]

1. Nf3 Nf6 2. d4 g6 3. c4 c5 4. d5 d6 5. Nc3 Bg4 6. Nd2 Bg7 7. h3 Bd7 8. e4 O-O
9. Be2 e5 10. dxe6 fxe6 11. O-O Nc6 12. Nf3 Ne8 13. Be3 a6 14. Qd2 Qe7 15. Rfd1
Rd8 16. Bg5 Bf6 17. Bh6 Bg7 18. Bxg7 Qxg7 19. Qg5 h6 20. Qe3 Kh7 21. a3 e5 22.
Nd5 Be6 23. Rab1 Nd4 24. Nxd4 exd4 25. Qg3 Bxd5 26. exd5 Nf6 27. Bf3 b5 28. b3
Rfe8 29. Re1 Rxe1+ 30. Rxe1 Re8 31. Rd1 Qe7 32. Qf4 Nd7 33. Qd2 bxc4 34. bxc4
Ne5 35. Be2 Qb7 36. f4 Nd7 37. Bd3 Nf6 1/2-1/2

[Event "49. NSV Sen-EM 2015"]
[Site "Undeloh-Wesel"]
[Date "2015.07.25"]
[Round "7.3"]
[White "Jentsch, Dieter"]
[Black "Hilburt, Leonid"]
[Result "*"]
[WhiteElo "2046"]
[BlackElo "1950"]
[PlyCount "34"]
[EventDate "2015.??.??"]
[WhiteTeam "SC Wolfsburg"]
[BlackTeam " Hannover 96"]

1. e4 e5 2. Nf3 Nc6 3. Bb5 a6 4. Ba4 Nf6 5. O-O Be7 6. Re1 b5 7. Bb3 d6 8. c3
O-O 9. h3 Na5 10. Bc2 c5 11. d4 Qc7 12. d5 Bd7 13. Nbd2 Rfe8 14. Nf1 g6 15. Be3
Nc4 16. Bc1 Na5 17. Be3 Nc4 *

[Event "49. NSV Sen-EM 2015"]
[Site "Undeloh-Wesel"]
[Date "2015.07.25"]
[Round "7.4"]
[White "Newerla, Alfred"]
[Black "Schneider, Alexander"]
[Result "*"]
[WhiteElo "1537"]
[BlackElo "1981"]
[PlyCount "78"]
[EventDate "2015.??.??"]
[WhiteTeam "SV Lingen"]
[BlackTeam "Wilhelmshavener SC"]

1. d4 d5 2. c4 c6 3. Nc3 Nf6 4. Bg5 e6 5. e3 Bd6 6. Nf3 h6 7. Bxf6 Qxf6 8. Bd3
O-O 9. O-O Nd7 10. Rc1 Qe7 11. cxd5 exd5 12. Re1 Nf6 13. h3 Ne4 14. Ne2 Bf5 15.
Ng3 Nxg3 16. fxg3 Bxd3 17. Qxd3 Bxg3 18. Re2 f5 19. Nd2 Bc7 20. Rf1 Qg5 21.
Ref2 Rae8 22. Rf3 g6 23. R1f2 Rf7 24. g4 Rg7 25. Rg2 f4 26. e4 Qd8 27. Re2 g5
28. exd5 Rxe2 29. Qxe2 Qxd5 30. Qc4 Rd7 31. Rb3 Bb6 32. Qxd5+ Rxd5 33. Nf3 Kf7
34. Kf1 Ke6 35. Ke2 Rd7 36. Rd3 Kd5 37. b3 Re7+ 38. Kd2 Ba5+ 39. Kd1 Ke4 *

[Event "49. NSV Sen-EM 2015"]
[Site "Undeloh-Wesel"]
[Date "2015.07.25"]
[Round "7.5"]
[White "Stummeyer, Dieter"]
[Black "Weczerek, Dieter"]
[Result "1/2-1/2"]
[WhiteElo "1742"]
[BlackElo "1678"]
[PlyCount "38"]
[EventDate "2015.??.??"]
[WhiteTeam "SG Garbsen/Marienwerder"]
[BlackTeam "SC Wolfsburg"]

1. e4 d6 2. d4 e5 3. Nf3 Nc6 4. Bb5 Bd7 5. O-O Nf6 6. Nc3 Be7 7. d5 Nb8 8. Qe2
a6 9. Bd3 b5 10. a3 c6 11. Bg5 c5 12. b3 Qc7 13. Bxf6 Bxf6 14. Nd1 Ra7 15. Ne3
Rb7 16. h3 h5 17. c4 g6 18. Rfc1 b4 19. axb4 Rxb4 1/2-1/2

[Event "49. NSV Sen-EM 2015"]
[Site "Undeloh-Wesel"]
[Date "2015.07.25"]
[Round "7.6"]
[White "Dr. Dornieden, Manfred"]
[Black "Cordes, Lothar"]
[Result "1-0"]
[WhiteElo "2073"]
[BlackElo "1773"]
[PlyCount "49"]
[EventDate "2015.??.??"]
[WhiteTeam "SK Union Oldenburg"]
[BlackTeam "SF Lilienthal"]

1. c4 e5 2. Nc3 Nc6 3. Nf3 d6 4. g3 g6 5. Bg2 Bg7 6. O-O Nge7 7. d3 Be6 8. Rb1
Qd7 9. Ng5 O-O 10. Nxe6 Qxe6 11. Nd5 Qd7 12. b4 Nxd5 13. Bxd5 Nd8 14. Qb3 c6
15. Bg2 Ne6 16. e3 Rab8 17. Bd2 Kh8 18. b5 Nc5 19. Qa3 Qf5 20. Bb4 cxb5 21.
cxb5 Rfc8 22. Qxa7 Ra8 23. Qb6 Rxa2 24. Bxc5 Rxc5 25. Qd8+ 1-0

[Event "49. NSV Sen-EM 2015"]
[Site "Undeloh-Wesel"]
[Date "2015.07.25"]
[Round "7.7"]
[White "Gudat, Alfons"]
[Black "Grimm, Uwe"]
[Result "0-1"]
[WhiteElo "1754"]
[BlackElo "2062"]
[PlyCount "108"]
[EventDate "2015.??.??"]
[WhiteTeam "SK Union Oldenburg"]
[BlackTeam " MTV Dannenberg"]

1. Nf3 d5 2. d4 c6 3. e3 Nd7 4. c4 e6 5. Nc3 Bd6 6. Bd3 f5 7. O-O Ngf6 8. a3 a5
9. b3 O-O 10. Bb2 Ne4 11. Ne2 Qf6 12. Qc2 g5 13. Ne1 Qh6 14. f4 Ndf6 15. Bxe4
Ng4 16. h3 Nxe3 17. Qd3 Nxf1 18. Bf3 Nh2 19. Kxh2 g4 20. Qe3 gxf3 21. Nxf3 Bd7
22. Rg1 Kh8 23. g3 Rae8 24. Nc1 Re7 25. Nd3 Qf6 26. Nde5 Be8 27. Qd2 Bc7 28.
Bc3 a4 29. Bb4 axb3 30. Rb1 b5 31. cxb5 cxb5 32. Rxb3 Rg8 33. Bxe7 Qxe7 34. Qc1
Bd6 35. Rc3 h6 36. Nh4 Qg7 37. Qe3 Kh7 38. Rc8 Qe7 39. Rc3 Rg7 40. Nhf3 Rg8 41.
Nh4 Qa7 42. Nc6 Qd7 43. Nf3 Qg7 44. Nh4 Bd7 45. Nb4 Ra8 46. Nf3 Ra4 47. Rb3 Qe7
48. Ne5 Be8 49. Nec6 Bxc6 50. Nxc6 Qd7 51. Ne5 Qa7 52. Nc6 Qc7 53. Nb4 Bxb4 54.
axb4 Qc2+ 0-1

[Event "49. NSV Sen-EM 2015"]
[Site "Undeloh-Wesel"]
[Date "2015.07.25"]
[Round "7.8"]
[White "Pundt, Wilfried"]
[Black "Merettig, Georg"]
[Result "1/2-1/2"]
[WhiteElo "1771"]
[BlackElo "1683"]
[PlyCount "32"]
[EventDate "2015.??.??"]
[WhiteTeam "SK Bremen-Nord"]
[BlackTeam "SV Caissa Wolfenbüttel"]

1. e4 Nc6 2. d4 e5 3. dxe5 Nxe5 4. Nf3 Ng6 5. Bc4 Qe7 6. O-O h6 7. Nc3 c6 8.
Re1 d6 9. h3 Be6 10. Bb3 O-O-O 11. Be3 Kb8 12. Qd4 c5 13. Qd1 Nf6 14. Nd5 Qd7
15. c4 Bxh3 16. gxh3 Qxh3 1/2-1/2

[Event "49. NSV Sen-EM 2015"]
[Site "Undeloh-Wesel"]
[Date "2015.07.25"]
[Round "7.9"]
[White "Gerhardt, Peter-Michael"]
[Black "Niemann, Gerd"]
[Result "1/2-1/2"]
[WhiteElo "1796"]
[BlackElo "1756"]
[PlyCount "45"]

1. Nf3 d6 2. g3 Bg4 3. Bg2 c6 4. O-O Nd7 5. d4 Ngf6 6. c4 e5 7. dxe5 Bxf3 8.
exf3 dxe5 9. Nc3 Bc5 10. Bg5 Qc7 11. Qc2 h6 12. Be3 O-O 13. Rfe1 Bd4 14. Rad1
Bxe3 15. Rxe3 g6 16. Qe2 Rad8 17. Bh3 Rfe8 18. b4 Kg7 19. Red3 e4 20. fxe4 Ne5
21. Rxd8 Rxd8 22. Rxd8 Qxd8 23. Bf1 1/2-1/2

[Event "49. NSV Sen-EM 2015"]
[Site "Undeloh-Wesel"]
[Date "2015.07.25"]
[Round "7.10"]
[White "Brummer, Bernfried"]
[Black "Kleinschmidt, Norbert"]
[Result "1/2-1/2"]
[WhiteElo "1723"]
[BlackElo "1694"]
[PlyCount "36"]

1. f4 b6 2. Nf3 Bb7 3. b3 e6 4. Bb2 Nf6 5. e3 d6 6. Be2 Nbd7 7. O-O h6 8. c4
Be7 9. Nc3 O-O 10. Qc2 d5 11. cxd5 Nxd5 12. Nxd5 exd5 13. Nd4 c5 14. Nf5 Bf6
15. Rae1 Bxb2 16. Qxb2 Qf6 17. Qxf6 Nxf6 18. d3 Rfd8 1/2-1/2

[Event "49. NSV Sen-EM 2015"]
[Site "Undeloh-Wesel"]
[Date "2015.07.25"]
[Round "7.11"]
[White "Zotin, Vladimir"]
[Black "Wraga, Teresa"]
[Result "1-0"]
[WhiteElo "1719"]
[BlackElo "1477"]
[PlyCount "45"]

1. e4 d6 2. d4 Nf6 3. Bd3 g6 4. f4 Bg7 5. Nf3 O-O 6. c3 c5 7. e5 dxe5 8. dxe5
Nd5 9. a3 e6 10. O-O b6 11. c4 Ne7 12. Nc3 Bb7 13. Qe2 a6 14. Be3 Qc7 15. b4
Nf5 16. Bxf5 exf5 17. bxc5 bxc5 18. Rfd1 Nd7 19. Nd5 Bxd5 20. Rxd5 Rfd8 21.
Rad1 Bf8 22. Qd2 Rac8 23. Rxd7 1-0

[Event "49. NSV Sen-EM 2015"]
[Site "Undeloh-Wesel"]
[Date "2015.07.25"]
[Round "7.12"]
[White "Gutknecht, Christa"]
[Black "Fehsenfeld, Kurt"]
[Result "1/2-1/2"]
[WhiteElo "1631"]
[BlackElo "1545"]
[PlyCount "36"]

1. d4 d5 2. Nf3 Nf6 3. e3 e6 4. Bd3 c5 5. c3 Nc6 6. Nbd2 Be7 7. O-O O-O 8. dxc5
Bxc5 9. e4 dxe4 10. Nxe4 Nxe4 11. Bxe4 Qxd1 12. Rxd1 Rd8 13. Rxd8+ Nxd8 14. Bf4
Bd7 15. Ne5 Bb5 16. Rd1 f6 17. Nf3 e5 18. Bg3 Rc8 1/2-1/2

[Event "49. NSV Sen-EM 2015"]
[Site "Undeloh-Wesel"]
[Date "2015.07.25"]
[Round "7.13"]
[White "Buck, Klaus-Michael"]
[Black "Schencke, Guenther"]
[Result "0-1"]
[WhiteElo "1582"]
[BlackElo "1591"]
[PlyCount "82"]

1. Nf3 d5 2. b3 g6 3. Bb2 Nf6 4. e3 Bg7 5. Be2 Bg4 6. h3 Bxf3 7. Bxf3 c6 8. O-O
O-O 9. d3 Nbd7 10. Nd2 Qc7 11. Rc1 Ng4 12. Bxg4 Bxb2 13. Rb1 Bg7 14. c4 e6 15.
Rc1 Qe5 16. d4 Qd6 17. cxd5 cxd5 18. Rc2 Rac8 19. Qc1 Qb8 20. Be2 Rxc2 21. Qxc2
Rc8 22. Qb2 Qc7 23. Bd3 Nf6 24. Nf3 Ne4 25. Bxe4 dxe4 26. Nd2 f5 27. b4 Qc2 28.
Qb3 Kf7 29. Nb1 Qxb3 30. axb3 b5 31. Rd1 Bf8 32. Kf1 Bxb4 33. Ke2 Rc2+ 34. Kf1
Ke7 35. d5 exd5 36. Rxd5 Rc1+ 37. Ke2 Rxb1 38. f3 Rb2+ 39. Kf1 exf3 40. Rxb5
fxg2+ 41. Kg1 a5 0-1

[Event "49. NSV Sen-EM 2015"]
[Site "Undeloh-Wesel"]
[Date "2015.07.25"]
[Round "7.14"]
[White "Drechsel, Dieter"]
[Black "Wraga, Hermann"]
[Result "1/2-1/2"]
[WhiteElo "1488"]
[BlackElo "1409"]
[PlyCount "49"]

1. d4 f5 2. g3 g6 3. Bg2 Nf6 4. Nh3 Bg7 5. O-O c6 6. c4 O-O 7. Nc3 d6 8. Re1
Bd7 9. Nf4 e5 10. dxe5 dxe5 11. Nh3 Na6 12. Bg5 h6 13. Bd2 g5 14. f3 f4 15. g4
Qe8 16. Nf2 Qf7 17. b3 Rad8 18. Nce4 Bc8 19. Qc2 Rfe8 20. Red1 Qc7 21. Nxf6+
Bxf6 22. Bc3 Qg7 23. Ne4 Be7 24. a3 Nc5 25. b4 1/2-1/2